Historical Foundations of the Modern World / (Record no. 209)
[ view plain ]
| 000 -LEADER | |
|---|---|
| fixed length control field | 01149nam a22002417a 4500 |
| 003 - CONTROL NUMBER IDENTIFIER | |
| control field | OSt |
| 005 - DATE AND TIME OF LATEST TRANSACTION | |
| control field | 20220613022003.0 |
| 008 - FIXED-LENGTH DATA ELEMENTS--GENERAL INFORMATION | |
| fixed length control field | 201223b ||||| |||| 00| 0 eng d |
| 020 ## - INTERNATIONAL STANDARD BOOK NUMBER | |
| International Standard Book Number | 9781984624970 |
| 040 ## - CATALOGING SOURCE | |
| Language of cataloging | English. |
| Transcribing agency | CvSU-CCAT Campus Library. |
| Description conventions | rda. |
| Original cataloging agency | CvSU-CCAT Campus Library. |
| 050 ## - LIBRARY OF CONGRESS CALL NUMBER | |
| Classification number | D 20 |
| Item number | T47 2019 |
| 110 ## - MAIN ENTRY--CORPORATE NAME | |
| Corporate name or jurisdiction name as entry element | 3G E-learning FZ LLC. |
| 9 (RLIN) | 552 |
| 245 ## - TITLE STATEMENT | |
| Title | Historical Foundations of the Modern World / |
| Statement of responsibility, etc. | authored and edited by 3G E-learning FZ LLC. |
| 260 ## - PUBLICATION, DISTRIBUTION, ETC. | |
| Place of publication, distribution, etc. | New York : |
| Name of publisher, distributor, etc. | 3G E-learning FZ LLC, |
| Date of publication, distribution, etc. | c2019. |
| 300 ## - PHYSICAL DESCRIPTION | |
| Extent | xi, 248 pages : |
| Other physical details | color illustrations ; |
| Dimensions | 30 cm |
| 504 ## - BIBLIOGRAPHY, ETC. NOTE | |
| Bibliography, etc. note | Includes bibliographical references and index.<br/> |
| 520 ## - SUMMARY, ETC. | |
| Summary, etc. | This insightful and wide-ranging book traces the genesis of international intellectual thought, connecting international and global history with intellectual history.<br/>The book expands our understanding of the increasingly significant role religion plays in the ongoing construction of the modern world. |
| 546 ## - LANGUAGE NOTE | |
| Language note | In English text. |
| 650 ## - SUBJECT ADDED ENTRY--TOPICAL TERM | |
| Topical term or geographic name entry element | Civilization, Modern. |
| 9 (RLIN) | 553 |
| 650 ## - SUBJECT ADDED ENTRY--TOPICAL TERM | |
| Topical term or geographic name entry element | World history. |
| 9 (RLIN) | 481 |
| 942 ## - ADDED ENTRY ELEMENTS (KOHA) | |
| Koha item type | Book |
| Classification part | D 20 T47 2019 |
| Source of classification or shelving scheme | Library of Congress Classification |
| Call number prefix | CIR |
| Withdrawn status | Lost status | Source of classification or shelving scheme | Damaged status | Not for loan | Collection code | Home library | Current library | Shelving location | Date acquired | Source of acquisition | Coded location qualifier | Cost, normal purchase price | Full call number | Barcode | Date last seen | Copy number | Price effective from | Koha item type |
|---|---|---|---|---|---|---|---|---|---|---|---|---|---|---|---|---|---|---|
| Library of Congress Classification | Book | Cavite State University - CCAT Campus | Cavite State University - CCAT Campus | GCS | 12/23/2020 | Purchased | GCS | 3049.00 | D 20 T47 2019 | R0012077 | 10/15/2025 | 1 copy | 12/23/2020 | Book |
